000 00349nam a22001457a 4500
008 210308b ||||| |||| 00| 0 eng d
020 _a9780130466204
041 _aeng
080 _a51
082 _251
100 _a38
101 _aMAT
245 _aFinite Mathematics & its Applications
_cLarry J.Goldstein, David , Martha
942 _2udc
_cBK
999 _c56026
_d56026